000 00340nam a2200145Ia 4500
008 230711s9999||||xx |||||||||||||| ||und||
041 _aENG
082 _a677
_bSU-C
100 _aSule,AD
245 0 _aComputer colour analysis
250 _a1st Ed.
260 _c1997
_aNew Delhi
_bChander,M.
650 _aTextile Engineering
942 _cBK
999 _c3637
_d3637